| 000 | 00685nam a2200229 4500 | ||
|---|---|---|---|
| 003 | OSt | ||
| 005 | 20240628065105.0 | ||
| 006 | a | ||
| 008 | 240628b |||||||| |||| 00| 0 eng d | ||
| 020 | _a9781111749866 | ||
| 040 |
_aDWCL-Main lib. _cOC |
||
| 082 |
_2Second edition _aCirc. 005.115 C738 2011 |
||
| 110 | _aJoyce Farrell | ||
| 245 | _aComputer fundamentals and logic formulation / | ||
| 250 | _aSecond edition | ||
| 260 |
_aSingapore : _bCengage Learning Asia Pte Ltd. , _cc2011. |
||
| 300 |
_b351 p. ; ill. ; _c24 cm. |
||
| 504 | _aIncludes index. | ||
| 650 | _a1. Logic programming. | ||
| 650 | _a2. Logic design. | ||
| 942 |
_2ddc _n0 _cBK-CIRC _eSecond edition _kCirc. |
||
| 999 |
_c1598 _d1598 |
||